Mercy (Record no. 15073)

MARC details
000 -LEADER
fixed length control field 00569nam a2200241 a 4500
020 ## - INTERNATIONAL STANDARD BOOK NUMBER
ISBN 9780099535331
082 00 - DEWEY DECIMAL CLASSIFICATION NUMBER
Classification number 823
Author Cutter MOR
100 ## - MAIN ENTRY--AUTHOR NAME
Author name Morrison, Toni
245 ## - TITLE STATEMENT
Title Mercy
260 ## - PUBLICATION, DISTRIBUTION, ETC. (IMPRINT)
Place of publication London
Name of publisher Vintage Books
Year of publication 2008
300 ## - PHYSICAL DESCRIPTION
Number of Pages 165p
500 ## - GENERAL NOTE
General note includes index and biblioraphy
650 ## - SUBJECT ADDED ENTRY--TOPICAL TERM
Topical Term English-Fiction
650 ## - SUBJECT ADDED ENTRY--TOPICAL TERM
Topical Term Fiction-English
942 ## - ADDED ENTRY ELEMENTS (KOHA)
Koha item type Books
700 1# -
-- Morrison, Toni
Holdings
Collection code Home library Current library Date acquired Cost, normal purchase price Full call number Accession Number Koha item type
  Henry Martyn Institute Library Henry Martyn Institute Library 11/08/2012 323.00 823 MOR 023933 Books
                   Copyright © 2026 | Henry Martyn Institute | Hyderabad | TS-500052 | INDIA | Implemented by hmi.edu.in
Hit-Count:

Powered by Koha